00869nam a22002411 450000100060000000300080000600500170001400800390003103500190007003500180008904000390010704100080014608200180015410000570017224500710022926000710030030000290037150400200040060000390042094200120045999900170047195201390048832133BD-RjUL20211209051807.0140423s1912 enk 001 0 eng a(BD-RjUL)32222 a(OCoLC)549523 aDLCcOKentUdGUdDLCdBD-RjULbeng aeng a193bJOI 19121 aJones, W. Tudorq(William Tudor),d1865-1946.99779503aAn interpretation of Rudolf Eucken's philosophy /cW. Tudor Jones. aNew York ;bG. P. Putnam's ;aLondon :bWilliams & Norgate,c1912. a250 p. :bill. ;c20 cm. aIncludes index.10aEucken, Rudolf,d1846-1926.997802 2ddccBK c32133d32133 00102ddc40718NFICaRUCLbRUCLcReadingd1956-11-10eB.H.Blackwellg0.76l0o193 JOI 1912r2014-04-23 00:00:00tC-1w2014-04-23yBK